000 00195nam a2200109Ia 4500
100 _aWOODWARD/BOB.
942 _cBK
245 _aFINAL DAYS
260 _b#N/A
546 _aENGLISH
999 _c30180
_d30180